01350cam a2200325 a 4500001001000000003000600010005001700016008004100033040002900074041003800103082001600141100002200157240005100179245010500230260003600335300001700371490004500388534006100433500004500494504005300539650002200592650003000614700005300644830005200697910003300749049000900782952010800791952010800899999001701007000017465UkOxU20200929165125.0500101s1963 sp b 001 0 spa d aDO-SdBNPbspacLCdBNPHU17aspahgrc2Código de idioma MARC a188.7bE64p0 aEpictetus.93818110aDissertationes ab Arriano Digestae.lEspañol10aPláticas por Arriano /cEpicteto ; revisión y traducción por Pablo Jordan de Urríes y Azara. aBarcelona :bAlma Mater,c1963. av. :b22 cm.1 aHispánica de Autores Griegos y Latinos a[Título original]:tDissertationes ab Arriano Digestae aLa biblioteca sólo posee el volumen 2. aIncluye referencias bibliográficas e índice. 4aEstoicismo938182 4aFilosofía antigua912151 aJordán de Urríes y Azara, Pablo,etr.938183 0aHispánica de Autores Griegos y Latinos938184 aCatalogación derivada / LC aBNGR 001050718MOaGRbGRcHDd2010-03-24iLF1l0ov. 2p17465-10r2020-06-25w2020-06-25y1ZNo se presta 001050718MOaGRbGRcHDd2013-10-07iLF1l0ov. 3p17465-20r2020-06-25w2020-06-25y1ZNo se presta c16990d16990